000 00555nam a2200229Ia 4500
003 OSt
005 20221005132446.0
006 a|||||r|||| 00| 0
007 ta
008 221004b |||||||| |||| 00| 0 tam d
024 _a51059
037 _cTextual
040 _aCRL
_cCRL
_btam
041 _2tam
_atam
082 _aO31,6N402x, N3
100 _aKasinatan
_9641193
245 0 _aTolliyal nokkil
260 _c1993
650 _aTAMIL PROSE
942 _hO31,6N402x, N3
_cTEXL
_2cc
999 _c1063744
_d1063744